Mergers, acquisitions, and corporate restructurings (Record no. 290366)
[ view plain ]
| 000 -LEADER | |
|---|---|
| fixed length control field | 00440nam a2200169Ia 4500 |
| 005 - DATE AND TIME OF LATEST TRANSACTION | |
| control field | 20241004092423.0 |
| 008 - FIXED-LENGTH DATA ELEMENTS--GENERAL INFORMATION | |
| fixed length control field | 240126s9999 xx 000 0 und d |
| 020 ## - INTERNATIONAL STANDARD BOOK NUMBER | |
| International Standard Book Number | 9789352029907 |
| 082 ## - DEWEY DECIMAL CLASSIFICATION NUMBER | |
| Classification number | 658.16 SIN;1 R |
| 100 ## - MAIN ENTRY--PERSONAL NAME | |
| Personal name | Sinha, Pradip Kumar. |
| 245 #0 - TITLE STATEMENT | |
| Title | Mergers, acquisitions, and corporate restructurings |
| 250 ## - EDITION STATEMENT | |
| Edition statement | 1st ed. |
| 260 ## - PUBLICATION, DISTRIBUTION, ETC. (IMPRINT) | |
| Name of publisher, distributor, etc. | Himalaya Pubishing House |
| Place of publication, distribution, etc. | Mumbai |
| 300 ## - PHYSICAL DESCRIPTION | |
| Extent | 411 |
| 440 ## - SERIES STATEMENT/ADDED ENTRY--TITLE | |
| Title | NULL |
| 942 ## - ADDED ENTRY ELEMENTS (KOHA) | |
| Koha item type | PESU Books |
| Date last seen | Total Checkouts | Full call number | Accession number | Volume/Issue Number | Date checked out | Cost, replacement price | Price effective from | Category | Lost status | Damaged status | Department | Withdrawn status | bill no. | Permanent Location | Current Location | Shelving location | Entry date | Vendor | Cost, normal purchase price | Grants | Currency symbol | Conversion rate | Discount | Discount type |
|---|---|---|---|---|---|---|---|---|---|---|---|---|---|---|---|---|---|---|---|---|---|---|---|---|
| 26/01/2024 | 658.16 SIN;2 R1 | PU11454 | (11/07/1905) | 405.00 | 26/01/2024 | PESU Books | Central Library | 92229 | Central Library | Central Library | Central Library | 10/08/2020 | Book Paradise | 540.00 | MBA | RS | 1 | 25 | Percentage | |||||
| 31/01/2026 | 1 | 658.16 SIN;1 R | PU11453 | (11/07/1905) | 17/01/2026 | 405.00 | 26/01/2024 | PESU Books | Central Library | 92229 | Central Library | RFID Kiosk | Central Library | 10/08/2020 | Book Paradise | 540.00 | MBA | RS | 1 | 25 | Percentage |
